04112nam a22002897a 4500008004100000020001800041040000800059041001300067050002600080100003900106245004200145260004100187300002400228490002200252505043800274505049000712505047001202520060701672520065402279520064002933650002703573650004803600650004703648942000803695952010403703999001503807250521b |||||||| |||| 00| 0 eng d a9791035831752 ctbs aspaafre aPQ8098.29.K3bN6 1996 aSkármeta, Antonio925282eauthor aNo pasó nadac/ Antonio Skármeta. aParis : bBelin Éducation, c2024. a140 pages ;c19 cm. aNo tan clásicos aMarginal vocabulary notes (in French and Spanish) — B1-B2 Level — A comprehensive file to understand the work, its characters, major themes, and its context — Quizzes to memorize the essentials in a playful manner — Activities to improve in English, thanks to the text of an exceptional author — Contains exercises in the form of quizzes. The work is accompanied by a downloadable pedagogical guide at belin-education.com.  aNotes de vocabulaire en marge (en français et en espagnol) — Niveau B1-B2 — Un dossier complet pour comprendre l’œuvre, ses personnages, ses thèmes majeurs et son contexte — Des quiz pour mémoriser l’essentiel de manière ludique — Des activités pour progresser en anglais grâce au texte d’un auteur exceptionnel — Contient des exercices sous forme de quiz. L’œuvre est accompagnée d’un guide pédagogique téléchargeable sur belin-education.com. aNotas de vocabulario en los márgenes (en francés y en español) — Nivel B1-B2 — Un dossier completo para entender la obra, sus personajes, sus grandes temas y su contexto — Cuestionarios para recordar lo esencial de forma amena — Actividades para mejorar tu inglés a través del texto de un autor excepcional — Incluye ejercicios en formato de cuestionario. La obra viene acompañada de una guía pedagógica descargable en belin-education.com. aA funny and poetic coming-of-age novel about exile. No pasó nada. In 1973, following the coup d’état in Chile, Lucho and his family are forced to leave their homeland and go into exile in Berlin. At the age of 14, he finds himself suddenly thrown into a grey, cold city where xenophobia and solidarity coexist. The young teenager experiences the pain of uprooting and the challenges of integration. However, football and music—two of his passions—lead him to some meaningful encounters. Fall under the charm of this character in search of identity, through a universal story filled with hope. aUn roman d'apprentissage drôle et poétique sur l'exil . No pasó nada . En 1973, à la suite du coup d'Etat au Chili, Lucho et sa famille sont contraints de quitter leur pays natal et de s'exiler à Berlin. Propulsé à l'âge de 14 ans dans une ville grise et froide où cohabitent la xénophobie et la solidarité, le jeune adolescent expérimente alors la souffrance du déracinement et les difficultés d'intégration. Le football et la musique, deux de ses passions, lui feront toutefois faire de belles rencontres. Succombez au charme de ce personnage en quête d'identité à travers un récit universel porteur d'espoir. aUna novela de aprendizaje divertida y poética sobre el exilio. No pasó nada. En 1973, tras el golpe de Estado en Chile, Lucho y su familia se ven obligados a abandonar su país natal y exiliarse en Berlín. A los 14 años, es lanzado a una ciudad gris y fría donde conviven la xenofobia y la solidaridad. El joven adolescente experimenta entonces el dolor del desarraigo y las dificultades de integración. Sin embargo, el fútbol y la música—dos de sus pasiones—le permitirán vivir encuentros muy especiales. Déjate conquistar por este personaje en busca de identidad, en un relato universal cargado de esperanza. 0aExilesvFiction925283 0aPolitical refugeeszGermanyvFiction925284 0aPolitical refugeeszChile vFiction925285 2lcc 00102lcc4070aTBSbTBSd2025-05-21l0oREADER-SP SKApB05721r2025-05-21t1w2025-05-21ySPANISH c4689d4689